000 00764cam a2200277 a 4500
001 27449
003 BD-RjUL
005 20211209051145.0
008 140325t1952 fr ab i00000 eng d
035 _a(CLSU)413818
035 _a(OCoLC)3865279 800807
035 _a(BD-RjUL)27523
040 _aDLC
_cDNIE
_dCLSU
_dCStRLIN
_dBD-RjUL
_beng
041 _aeng
082 0 4 _a958.1
_bUNR 1952
110 2 _aUnesco.
_984322
245 1 0 _aReport of the mission to Afghanistan. /
260 1 _aParis :
_bUNESCO,
_c1952.
300 _a87 p. :
_bill.;
_c24 cm.
490 1 _aEducational missions ;
_v4
650 0 _aEducation
_zAfghanistan.
_984316
830 0 _v4
_984323
830 0 _aEducational missions (Unesco) ;
_984324
942 _2ddc
_cBK
999 _c27449
_d27449